Libro rojo de plantas de Colombia : (Registro nro. 8582)

Detalles MARC
000 -CABECERA
Campo de control 01225nam a22002777a 4500
005 - FECHA Y HORA DE LA ULTIMA TRANSACCION
Campo de control 20170218020002.0
008 - ELEMENTOS DE LONGITUD FIJA—INFORMACION GENERAL
Campo de control 041002s2005 ck ab gr 00110 spa d
020 ## - ISBN
ISBN 9588151473
041 0# - IDIOMA
Código de idioma para texto/pista de sonido o título separado Español
044 ## - PAÍS DE PUBLICACIÓN
País de publicación Colombia
082 04 - NUMERO DE CLASIFICACION DECIMAL DEWEY
Número de clasificación 584.0986
Número del ítem L69p
245 00 - MENCION DE TITULO
Título Libro rojo de plantas de Colombia :
Parte restante del título Vol. 2 Palmas, frailejones y zamias /
Mención de responsabilidad Eduardo Calderón y Gloria Galeano, editores ; ilustración Henry Arellano ... [et. al.].
260 3# - PUBLICACION, DISTRIBUCION, ETC. (PIE DE IMPRENTA)
Lugar de publicación, distribución, etc. Bogotá
Nombre del editor, distribuidor, etc. Ministerio de Ambiente, Vivienda y Desarrollo Territorial
-- Instituto de Investigación de Recursos Biológicos Alexander Von Humboldt
-- Universidad Nacional de Colombia. Instituto de Ciencias Naturales,
Fecha de publicación, distribución, etc. 2005.
300 ## - DESCRIPCION FISICA
Extensión 454 p. :
Otros detalles físicos il., mapas ;
Dimensiones 22 cm.
504 ## - NOTA DE BIBLIOGRAFIA, ETC.
Nota de bibliografía Incluye bibliografías e índice.
650 #4 - ASIENTO SECUNDARIO DE MATERIA - TERMINO TEMATICO
Término temático o nombre geográfico como elemento de entrada Especies en peligro
Subdivisión geográfica Colombia.
650 ## - ASIENTO SECUNDARIO DE MATERIA - TERMINO TEMATICO
Término temático o nombre geográfico como elemento de entrada Palmas
Subdivisión general Cultivo
Subdivisión geográfica Colombia.
650 ## - ASIENTO SECUNDARIO DE MATERIA - TERMINO TEMATICO
Término temático o nombre geográfico como elemento de entrada Espeletiinae
Subdivisión general Cultivo
Subdivisión geográfica Colombia.
650 ## - ASIENTO SECUNDARIO DE MATERIA - TERMINO TEMATICO
Término temático o nombre geográfico como elemento de entrada Zamia
Subdivisión general Cultivo
Subdivisión geográfica Colombia.
650 ## - ASIENTO SECUNDARIO DE MATERIA - TERMINO TEMATICO
Término temático o nombre geográfico como elemento de entrada Botánica
Subdivisión geográfica Colombia.
700 12 - ASIENTO SECUNDARIO - NOMBRE PERSONAL
Nombre personal Calderón, Eduardo
Término de relación ed.
700 12 - ASIENTO SECUNDARIO - NOMBRE PERSONAL
Nombre personal Galeano, Gloria,
Término de relación ed.
700 12 - ASIENTO SECUNDARIO - NOMBRE PERSONAL
Nombre personal García, Néstor,
Término de relación ed.
700 12 - ASIENTO SECUNDARIO - NOMBRE PERSONAL
Nombre personal Arellano, Henry,
Término de relación il.
942 ## - ELEMENTOS ADICIONALES (KOHA)
Sistema de clasificación Dewey Decimal Classification
Tipo de ítem Libro
Koha issues (borrowed), all copies 18
Existencias
Withdrawn status Lost status Sistema de Clasificación Damaged status No para préstamo Colección Inventariado Ubicación Permanente Ubicación actual Fecha de adquisición Fuente de Valor Valor Total Checkouts Número topográfico Inventario / Código de Barras Date last seen Date checked out Ejemplar Price effective from Forma de adquisición Tipo de material Total Renewals
    Dewey Decimal Classification     Humboldt Inventariado 2017 Bogotá Bogotá 31/07/2014 Instituto 20000.00 8 IAVH-584.0986 L69p 029391 19/02/2018 19/02/2018 V. 2 Ej. 1 31/07/2014 Institucional Libro  
    Dewey Decimal Classification     Humboldt Inventariado 2017 Bogotá Bogotá 31/07/2014 Instituto 20000.00 3 IAVH-584.0986 L69p 022064 17/02/2017 17/02/2017 V. 2 Ej. 2 31/07/2014 Institucional Libro  
    Dewey Decimal Classification     Humboldt Inventariado 2017 Bogotá Bogotá 31/07/2014 Instituto 20000.00 2 IAVH-584.0986 L69p 022065 17/02/2017 17/02/2017 V. 2 Ej. 3 31/07/2014 Institucional Libro  
    Dewey Decimal Classification     Humboldt Inventariado 2017 Bogotá Bogotá 31/07/2014 Instituto 20000.00 4 IAVH-584.0986 L69p 022063 18/02/2016 18/02/2016 V. 2 Ej. 4 31/07/2014 Institucional Libro  
    Dewey Decimal Classification     Humboldt Inventariado 2017 Sala Fabio Quevedo Sala Fabio Quevedo 19/09/2014 Instituto 20000.00   IAVH-584.0986 L69p 022061 19/09/2014   V.2 Ej. 5 19/09/2014 Institucional Libro  
    Dewey Decimal Classification     Humboldt Inventariado 2017 Sala Fabio Quevedo Sala Fabio Quevedo 19/09/2014 Instituto 20000.00   IAVH-584.0986 L69p 022062 19/09/2014   V.2 Ej. 6 19/09/2014 Institucional Libro  
    Local     Botánica Inventariado 2017 Villa de Leyva Villa de Leyva 04/12/2014 Instituto 20000.00 2 IAVH-00222 022060 11/09/2015 04/03/2015 V.2 j. 7 04/12/2014 Institucional Libro 3